100 Best Players in the World 2011 - Four Four Two Quiz Stats

 Plays Quiz not verified by Sporcle

Challenge
Share
Tweet
Embed
Score 0/100 Timer 15:00
0 Plays Today
Rank Player % Correct
1Lionel Messi
98.8%
2Cristiano Ronaldo
98.6%
6Wayne Rooney
96.1%
3Xavi Hernandes
94.6%
4Andres Iniesta
93.2%
9Robin van Persie
90.4%
7David Silva
89.4%
32Thiago Silva
88.1%
5David Villa
86.6%
8Gerard Pique
86%
10Mesut Ozil
85.8%
14Sergio Aguero
85.1%
20Luis Suarez
84.5%
58Carles Puyol
84%
56Frank Lampard
83.5%
36Nani
83.2%
16Nemanja Vidic
82.8%
53Didier Drogba
82.5%
45Gareth Bale
82%
42Fernando Torres
81.8%
39Yaya Toure
81.3%
38Franck Ribery
81.3%
33Zlatan
80.8%
18Luka Modric
80.8%
49Arjen Robben
80.8%
50John Terry
80.5%
23Neymar
80.2%
47Javier Hernandez
80.1%
78Steven Gerrard
78.4%
19Iker Casillas
78%
35Vincent Kompany
77%
13Wesley Sneijder
76.5%
24Dani Alves
76.2%
11Cesc Fabregas
76%
Rank Player % Correct
43Patrice Evra
75.3%
30Karim Benzema
74.4%
29Samuel Eto'o
74.4%
70Alexis
73.7%
61Carlos Tevez
72.7%
57Sergio Ramos
72.5%
55Victor Valdes
72.3%
17Sergio Busquets
71.4%
79Pepe
71.3%
37Xabi Alonso
71%
28Pedro Rodriguez
70.3%
22Gonzalo Higuain
69.7%
26Edinson Cavani
69.3%
12Bastian Schweinsteiger
69.2%
44Juan Mata
69%
67Edin Dzeko
68.9%
34Ashley Cole
68.5%
48Eden Hazard
68.4%
31Angel Di Maria
67.6%
21Philipp Lahm
67.5%
27Samir Nasri
66.8%
54Rafael van der vaart
66.8%
51Mario Gomez
65.2%
88Mario Balotelli
65%
15Manuel Neuer
64.9%
65Michael Essien
64.9%
99Rio Ferdinand
63.7%
41Mario Goetze
63.2%
75Robinho
61.9%
59Marcelo
61.1%
89Thomas Mueller
60.9%
81Diego Forlan
60.9%
74Hulk
60.9%
62Radamel Falcao
60.8%
Rank Player % Correct
71Kaka
60.7%
63Eric Abidal
59.3%
72Marek Hamsik
58.3%
95Miroslav Klose
58.2%
93Joe Hart
57.2%
69Alexandre Pato
56.2%
97Kevin-Prince Boateng
53.2%
68Shinji Kagawa
52.9%
86Gianluigi Buffon
52.7%
25Javier Pastore
52.4%
60Andrea Pirlo
51.3%
83Pepe Reina
50.7%
52Antonio Di Natale
50.7%
40Fabio Coentrao
50.6%
94Javier Mascherano
50.2%
46Mats Hummels
50%
98Giuseppe Rossi
49.8%
84Jack Wilshere
49.7%
73Daniele de Rossi
49.1%
96Douglas Maicon
45.4%
76Christian Eriksen
44.4%
92Fernando Llorente
44%
66Giorgio Chiellini
39.3%
85Lucio
36.4%
82Santi Cazorla
31.5%
64Hugo Lloris
29.7%
87Javi Martinez
28.3%
77Claudio Marchisio
25.2%
80Yann M'Vila
23.4%
91Diego Lugano
20.4%
100Leandro Damiao
15%
90Alvaro Pereira
14.6%

You're not logged in!

Compare scores with friends on all Sporcle quizzes.
OR
Log In

You Might Also Like...

Show Comments

Extras

Top Quizzes Today


Score Distribution

Your Account Isn't Verified!

In order to create a playlist on Sporcle, you need to verify the email address you used during registration. Go to your Sporcle Settings to finish the process.

Report this User

Report this user for behavior that violates our Community Guidelines.

Details: